歴代天皇賞・春勝ち馬 - Statistics

General Stats
  • This quiz has been taken 22 times
  • The average score is 24 of 86
Answer Stats
Hint Answer % Correct
2000 テイエムオペラオー
80%
2001 テイエムオペラオー
80%
2015 ゴールドシップ
80%
1985 シンボリルドルフ
73%
2006 ディープインパクト
73%
2016 キタサンブラック
67%
2017 キタサンブラック
67%
1988 タマモクロス
60%
1993 ライスシャワー
60%
1995 ライスシャワー
60%
1997 マヤノトップガン
60%
1999 スペシャルウィーク
60%
2022 タイトルホルダー
60%
1991 メジロマックイーン
53%
1992 メジロマックイーン
53%
1998 メジロブライト
53%
2003 ヒシミラクル
53%
2019 フィエールマン
53%
2020 フィエールマン
53%
2025 ヘデントール
53%
1996 サクラローレル
47%
2002 マンハッタンカフェ
47%
2007 メイショウサムソン
47%
2013 フェノーメノ
47%
2014 フェノーメノ
47%
2023 ジャスティンパレス
47%
2024 テーオーロイヤル
47%
1989 イナリワン
40%
1990 スーパークリーク
40%
1994 ビワハヤヒデ
40%
2004 イングランディーレ
40%
2021 ワールドプレミア
40%
1967 スピードシンボリ
33%
2012 ビートブラック
33%
1956 メイヂヒカリ
27%
1977 テンポイント
27%
1978 グリーングラス
27%
2018 レインボーライン
27%
1958 オンワードゼア
20%
1969 タケシバオー
20%
1974 タケホープ
20%
1983 アンバーシャダイ
20%
1987 ミホシンザン
20%
2011 ヒルノダムール
20%
1939 スゲヌマ
13%
1962 オンスロート
13%
1971 メジロムサシ
13%
1973 タイテエム
13%
1982 モンテプリンス
13%
1984 モンテファスト
13%
1986 クシロキング
13%
2005 スズカマンボ
13%
2008 アドマイヤジュピタ
13%
2009 マイネルキッツ
13%
2010 ジャガーメイル
13%
1938 ハセパーク
7%
1940 トキノチカラ
7%
1941 マルタケ
7%
1942 ミナミモア
7%
1943 グランドライト
7%
1944 ヒロサクラ
7%
1947 オーライト
7%
1948 シーマー
7%
1949 ミハルオー
7%
1950 オーエンス
7%
1951 タカクラヤマ
7%
1952 ミツハタ
7%
1953 レダ
7%
1954 ハクリョウ
7%
1955 タカオー
7%
1957 キタノオー
7%
1959 トサオー
7%
1960 クリペロ
7%
1961 ヤマニンモアー
7%
1963 コレヒサ
7%
1964 ヒカルポーラ
7%
1965 アサホコ
7%
1966 ハクズイコウ
7%
1968 ヒカルタカイ
7%
1970 リキエイカン
7%
1972 ベルワイド
7%
1975 イチフジイサミ
7%
1976 エリモジョージ
7%
1979 カシュウチカラ
7%
1980 ニチドウタロー
7%
1981 カツラノハイセイコ
7%
No matching quizzes found
Score Distribution
Percent of People with Each Score
Percentile by Number Answered
Your Score History
You have not taken this quiz